Características esenciales de la universidad de inspiración cristiana /

Kaydedildi:
Detaylı Bibliyografya
Yazar: Sauve, James W. (autor)
Materyal Türü: Kitap
Dil:İspanyolca
Baskı/Yayın Bilgisi: México : Universidad Iberoamericana, Centro de Integración Universitaria, 1993, c1991
Etiketler: Etiketle
Etiket eklenmemiş, İlk siz ekleyin!

MARC

LEADER 00000nam^a2200000^a^4500
001 000597181
005 20250521000000.0
009 20260310133121.143
037 |a Acervo Xavier Clavigero 
041 |a ESP 
091 |a FDU. 00980 
100 |a Sauve, James W.  |e (autor) 
245 1 0 |a Características esenciales de la universidad de inspiración cristiana / 
264 4 |a México :  |b Universidad Iberoamericana, Centro de Integración Universitaria,  |c 1993, c1991 
300 |a 20 p. 
336 |a texto  |b txt  |2 rdacontenido 
337 |a sin mediación  |b n  |2 rdamedio 
338 |a volumen  |b nc  |2 rdasoporte 
649 |a XX 
910 |a Fondo Víctor Raúl Durana Valerio S.J. 
920 |a Impresos - Libros 
930 |a Fondos Especiales 
905 |a 116 
901 |a 597181-10  |b IT2  |c ESP  |i D4097  |u 20250521 
902 |a https://opac.biblio.iteso.mx/vufind/Record/000597181